00346nam a22001337a 450000500170000000800410001704100130005808200150007110000130008624500530009926000100015230000250016265000250018720231128145004.0231128b |||||||| |||| 00| 0 eng d aEnglish  a340.1 BAR  lEnglish  aThe Bar Council of India : bAdvocates Act 1961  c1993  b63 pages ; c25 cm.  aLegal practice bLaw